| 000 | 00531nam a2200181 a 4500 | ||
|---|---|---|---|
| 005 | 20240806063800.0 | ||
| 008 | 070516s2005 mx r 000 0 spa d | ||
| 020 | _a9508084677 | ||
| 035 | _aUPN01000150308 | ||
| 049 | _aCG | ||
| 050 | 4 |
_aPQ7798.12 R5 _bU4.7 |
|
| 100 | 1 | _aBriguet, Daniel | |
| 245 | 1 | 3 |
_aEl Ășltimo verano : _bun viaje en historias breves por la ruta del deseo / _cDaniel Briguet. |
| 260 |
_aRosario, Arg. : _bHomo Sapiens, _c2005. |
||
| 300 | _a201 p. | ||
| 650 | 4 |
_aCuentos argentinos _912203 |
|
| 905 | _aLibro | ||
| 999 |
_c122449 _d122449 |
||